Normal view
MARC view
- MS CE&M-2
Entry Topical Term
001 - CONTROL NUMBER
- control field: 51239
003 - CONTROL NUMBER IDENTIFIER
- control field: NUST
005 - DATE AND TIME OF LATEST TRANSACTION
- control field: 20210314134932.0
008 - FIXED-LENGTH DATA ELEMENTS
- fixed length control field: 210314|| aca||aabn | a|a d
040 ## - CATALOGING SOURCE
- Original cataloging agency: NUST
- Transcribing agency: NUST
150 ## - HEADING--TOPICAL TERM
- Topical term or geographic name entry element: MS CE&M-2
670 ## - SOURCE DATA FOUND
- Source citation: Work cat.: (NUST): Ali Baig 51238, Impact of Transformational Leadership on Employee Performance an Empirical Study of Construction Industry of Pakistan , 2017.
